LEADER 00891nam0-22003131i-450- 001 990002014710403321 005 20090507102617.0 035 $a000201471 035 $aFED01000201471 035 $a(Aleph)000201471FED01 035 $a000201471 100 $a20030910g19051907km-y0itay50------ba 101 0 $afre 102 $aFR 105 $ay---a---001yy 200 1 $aMonographie des Onychophores$fE. L. Bouvier 210 $aParis$cMasson et Cie$d1905-1907 215 $a2 v. (leg.in 1)$d25 cm 225 1 $aAnnales des Sciences Naturelles$h9$izoologie$v2$v5 610 0 $aProbotracheata 676 $a595.3 700 1$aBouvier,$bEugène Louis$f<1856-1944>$0426809 801 0$aIT$bUNINA$gRICA$2UNIMARC 901 $aBK 912 $a990002014710403321 952 $a61 III F.1/05$b908$fDAGEN 959 $aDAGEN 996 $aMonographie des Onychophores$9405524 997 $aUNINA LEADER 01305nas 2200409- 450 001 9910133456203321 005 20260218111926.0 035 $a(DE-599)ZDB2640532-5 035 $a(OCoLC)1024313818 035 $a(CKB)110978977739469 035 $a(CONSER)--2024220102 035 $a(DE-599)2640532-5 035 $a(EXLCZ)99110978977739469 100 $a20180226b19681975 --- - 101 0 $aeng 135 $aur||||||||||| 181 $ctxt$2rdacontent 182 $cc$2rdamedia 183 $acr$2rdacarrier 200 04$aThe Australian journal of Biblical archaeology 210 1$aSydney :$cUniversity of Sydney, Department of Semitic Studies,$d1968-1975. 215 $a1 online resource (volumes) $cillustrations 311 08$a0084-747X 517 1 $aAJBA 606 $aAntiquities$2fast 607 $aMiddle East$xAntiquities$vPeriodicals 607 $aMoyen-Orient$xAntiquités$vPériodiques 607 $aMiddle East$2fast 608 $aPeriodicals.$2fast 615 7$aAntiquities. 676 $a220.9305 712 02$aAustralian Society for Biblical Archaeology, 712 02$aUniversity of Sydney.$bDepartment of Semitic Studies, 906 $aJOURNAL 912 $a9910133456203321 996 $aThe Australian journal of Biblical archaeology$94183777 997 $aUNINA LEADER 01907nam0 22002651i 450 001 UON00000854 005 20231205101847.407 100 $a20020107d1981 |0itac50 ba 101 $aita 102 $aIT 105 $a|||| 1|||| 200 1 $aCarte de' regni di Napoli, e di Sicilia, loro provincie, ed isole adiacenti, fatte esattamente incidere da Antonio Bolifoni nel 1962., ed ora dal Dottor Luigi Bolifoni suo nipote, con piccole mutazioni fatte ristampare e dedicate alla Sacra Maestà di Carlo Re di Napoli, Infante di Spagna, Duca di Parma, di Piacenza, e di Castro, & c. e Gran Principe di Toscana, & c. / Antonio e Luigi Bolifoni 210 $aRist. dell'ed. del 1734 215 $aNapoli$cStamperia di Francesco Ricciardo, 1734 - pa g. n.n. (7)$d27 cm 300 $aRist.: Reggio C. : Casa del Libro, 1981. Edizione di 1500 esemplari, quello da noi posseduto è il n.997. Il titolo appare abbreviato nel seguente modo: Carte de' regni di Napoli e di Sicilia loro Provincie ed isole adiacenti 606 $aCartografia storica$3UONC000012$2FI 700 1$aBOLIFONI$bAntonio$3UONV000857$0636810 701 1$aBOLIFONI$bLuigi$3UONV000858$035799 801 $aIT$bSOL$c20260313$gRICA 899 $aSIBA - SISTEMA BIBLIOTECARIO DI ATENEO E ARCHIVIO STORICO$2UONSI 912 $aUON00000854 950 $aSIBA - SISTEMA BIBLIOTECARIO DI ATENEO E ARCHIVIO STORICO$dSI DIP.SC.SOC. 034 $eSI SA 68159 5 034 996 $aCarte de' regni di Napoli, e di Sicilia, loro provincie, ed isole adiacenti, fatte esattamente incidere da Antonio Bolifoni nel 1962., ed ora dal Dottor Luigi Bolifoni suo nipote, con piccole mutazioni fatte ristampare e dedicate alla Sacra Maestà di Carlo Re di Napoli, Infante di Spagna, Duca di Parma, di Piacenza, e di Castro, & c. e Gran Principe di Toscana, & c$91173906 997 $aUNIOR 998 $a1